000 03152nam a2200301 a 4500
003 OSt
005 20251103142055.0
007 cr ||||||a|c|a
008 230508s2022 m a|||fom||| 001 0 s d
040 _erda
100 1 _9135902
_aRivera Cabello, Carolina
245 1 0 _aFertilización de liberación controlada en tomate de cáscara (Physalis ixocarpa Brot. ex Horm.) /
_cpor Carolina Rivera Cabello; director de tesis Aureliano Peña Lomelí
264 1 _aChapingo, México :
_bEl autor,
_c2022.
300 _a1 recurso en línea (91 páginas):
_bCuadros y figuras
336 _2rdacontent
_atexto
_btxt
337 _2rdamedia
_acomputadora
_bc
338 _2rdacarrier
_arecurso en línea
_bcr
502 _bMCH
_cFitotecnia
_d2022
_gMAE
504 _aIncluye referencias bibliográficas: páginas 18-25, 50-52, 76-78.
520 _aDebido al uso excesivo de fertilizantes, la aplicación de fertilizantes de liberación controlada (FLC) es una tecnología que permite mejorar la eficiencia de su uso y aminorar los daños ambientales. El objetivo de este trabajo fue evaluar el efecto de dosis de FLC en el crecimiento y desarrollo de plantas y producción de tomate de cáscara, en comparación con fertilización convencional en hidroponía. El experimento se llevó a cabo en invernadero y a campo abierto en un diseño de bloques completos al azar con cuatro repeticiones. En el ciclo otoño-invierno 2020 en invernadero, se evaluaron seis tratamientos, cuatro de diferentes dosis de FLC y dos con soluciones nutritivas hidropónicas. La fertilización con la solución nutritiva propuesta (SNP) y la solución Steiner al 100 % generaron plantas de mayor altura, con más hojas y mayor número de brotes basales. La solución Steiner y 50 % de FLC presentaron los mejores rendimientos. El tratamiento que se aproximó más a los resultados obtenidos con alguna solución nutritiva fue la dosis de 100 % FLC. Los mejores rendimientos, crecimiento y desarrollo de plantas se obtuvieron con las soluciones hidropónicas aplicadas. En el ciclo primavera- verano 2021 a campo abierto se evaluaron diferentes dosis de FLC solos o acompañados de fertilización complementaria (FC), en comparación con fertilizantes convencionales hidropónicos. Los tratamientos con FLC solos o acompañados con FC generaron resultados similares a los de la SNP en altura de planta, número de hojas, botones florales, flores y bolsas. El rendimiento total, fue semejante entre los tratamientos con FLC y la SNP. La solución Steiner tuvo el menor efecto en las variables evaluadas. Es posible obtener resultados similares con relación a crecimiento y desarrollo de plantas y producción de frutos con FLC, en comparación con soluciones nutritivas.
650 4 _9267
_aAbonos
_xEfecto en tomate
650 4 _940556
_aFertilizantes
_xEfecto en tomate
650 4 _940450
_aFertilizantes
_xAplicación
650 4 _9113761
_aTomate
_xRendimiento
700 1 _986804
_aPeña Lomelí, Aureliano
_edirector.
856 _uhttp://10.13.5.2/tesis/tm/1913290-8__RIVERA_CABELLO_CAROLINA.pdf
_zDESCARGAR PDF
942 _2Clasificación Universidad Autónoma Chapingo
_cTD
999 _c218704
_d218704